00422nam a2200145Ia 4500008004100000020001500041041000800056082001800064100002000082245007500102250000600177260004400183300001400227650003500241210716s1987 xx 000 0 und d a031428494X aeng a658.4038 HICJ aHicks, James O. aManagement information systems: a user perspective.bUser perspective. a2 aNew YorkbWest publishing companyc1987 axxvii,623 aManagement Information Systems